[Event "Hessenliga 1921"]
[Site "Hessen"]
[Date "2019.10.27"]
[Round "2.4"]
[White "Koller, Jens"]
[Black "Reh, Philipp"]
[Result "1/2-1/2"]
[WhiteElo "2166"]
[BlackElo "2007"]
[PlyCount "48"]
[EventDate "2019.09.22"]
[EventType "team-tourn"]
[EventRounds "9"]
[EventCountry "GER"]
[SourceTitle "EXT 2024"]
[Source "ChessBase"]
[SourceDate "2023.10.10"]
[SourceVersion "1"]
[SourceVersionDate "2023.10.10"]
[SourceQuality "1"]
[WhiteTeam "Neuberg II"]
[BlackTeam "Fulda"]
[WhiteTeamCountry "GER"]
[BlackTeamCountry "GER"]

1. e4 c5 2. Nf3 Nc6 3. d4 cxd4 4. Nxd4 g6 5. c4 Bg7 6. Nc2 Nf6 7. Nc3 0-0 8. Be2 d6 9. 0-0 Nd7 10. Bd2 a5 11. Rb1 Nc5 12. f3 f5 13. Be1 Be6 14. b3 fxe4 15. Nxe4 Nxe4 16. fxe4 Qb6+ 17. Bf2 Qc7 18. Bg4 Qd7 19. Bxe6+ Qxe6 20. Qd5 Qxd5 21. exd5 Nb4 22. Nxb4 axb4 23. Bh4 Bd4+ 24. Kh1 Rf7 1/2-1/2

[Event "Oberliga Ost-B 1819"]
[Site "Germany"]
[Date "2018.10.21"]
[Round "1.4"]
[White "Koller, Jens"]
[Black "Nazarenus, Moritz"]
[Result "0-1"]
[WhiteElo "2200"]
[BlackElo "2261"]
[PlyCount "52"]
[EventDate "2018.10.21"]
[EventType "team-tourn"]
[EventRounds "11"]
[EventCountry "GER"]
[SourceTitle "EXT 2020"]
[Source "ChessBase"]
[SourceDate "2019.10.17"]
[SourceVersion "1"]
[SourceVersionDate "2019.10.17"]
[SourceQuality "1"]
[WhiteTeam "Neuberg"]
[BlackTeam "Schoeneck"]
[WhiteTeamCountry "GER"]
[BlackTeamCountry "GER"]

1. e4 c6 2. d4 d5 3. e5 Bf5 4. g4 Be4 5. f3 Bg6 6. Ne2 e6 7. Be3 Nd7 8. h4 h6 9. Nbc3 a6 10. Bg2 Ne7 11. f4 Qa5 12. 0-0 f5 13. exf6 Nxf6 14. Ng3 h5 15. f5 exf5 16. gxf5 Bf7 17. Qd2 0-0-0 18. Bf4 Neg8 19. Rad1 Nh6 20. a3 Rd7 21. b4 Qd8 22. Na4 Nfg4 23. Bg5 Qc7 24. Qd3 Bd6 25. Ne2 Re8 26. Nc5 Bxc5 0-1

[Event "Oberliga Ost-B 1718"]
[Site "Germany"]
[Date "2018.03.18"]
[Round "9.4"]
[White "Koller, Jens"]
[Black "Heyder, Florian"]
[Result "0-1"]
[WhiteElo "2199"]
[BlackElo "2174"]
[PlyCount "76"]
[EventDate "2017.10.22"]
[EventType "team-tourn"]
[EventRounds "11"]
[EventCountry "GER"]
[SourceTitle "EXT 2019"]
[Source "ChessBase"]
[SourceDate "2018.10.10"]
[SourceVersion "1"]
[SourceVersionDate "2018.10.10"]
[SourceQuality "1"]
[WhiteTeam "Neuberg"]
[BlackTeam "Sangerhausen"]
[WhiteTeamCountry "GER"]
[BlackTeamCountry "GER"]

1. e4 e6 2. d4 d5 3. Nc3 Bb4 4. exd5 exd5 5. Bd3 Ne7 6. Qh5 Nbc6 7. a3 Ba5 8. Nf3 Qd6 9. Qg5 0-0 10. 0-0 f6 11. Qf4 Qxf4 12. Bxf4 Bg4 13. Ne2 Bxf3 14. gxf3 Ng6 15. Bg3 Rfe8 16. c3 Nce7 17. h4 Rac8 18. h5 Nf8 19. b4 Bb6 20. Nf4 c6 21. Rfe1 Kf7 22. Re2 Ng8 23. Rae1 Rxe2 24. Rxe2 Ne7 25. Bc2 Bc7 26. Ng2 g6 27. hxg6+ hxg6 28. Ne3 Ne6 29. Ng4 Nf4 30. Nh6+ Kf8 31. Re1 f5 32. Bh4 Bd6 33. Bb3 b5 34. a4 Rc7 35. Kf1 Kg7 36. Bg5 Nh3 37. f4 Nxg5 38. fxg5 Bf4 0-1

[Event "Oberliga Ost-B 1718"]
[Site "Germany"]
[Date "2018.01.21"]
[Round "5.6"]
[White "Schupp, Uwe"]
[Black "Koller, Jens"]
[Result "1-0"]
[WhiteElo "2128"]
[BlackElo "2199"]
[PlyCount "115"]
[EventDate "2017.10.22"]
[EventType "team-tourn"]
[EventRounds "11"]
[EventCountry "GER"]
[SourceTitle "EXT 2019"]
[Source "ChessBase"]
[SourceDate "2018.10.10"]
[SourceVersion "1"]
[SourceVersionDate "2018.10.10"]
[SourceQuality "1"]
[WhiteTeam "Gernsheim"]
[BlackTeam "Neuberg"]
[WhiteTeamCountry "GER"]
[BlackTeamCountry "GER"]

1. g3 g6 2. Bg2 Bg7 3. c4 Nf6 4. Nf3 0-0 5. 0-0 d6 6. Nc3 Nc6 7. d3 e5 8. Rb1 h6 9. b4 Nh7 10. b5 Ne7 11. Qb3 g5 12. Nd2 g4 13. a4 Ng5 14. a5 Rb8 15. Ba3 f5 16. Nd5 c5 17. bxc6 Nxc6 18. Nf6+ Qxf6 19. Bxc6 Rd8 20. c5+ Be6 21. Bd5 dxc5 22. Bxe6+ Nxe6 23. Bxc5 b6 24. axb6 axb6 25. Bxb6 Rdc8 26. Rfc1 Kh7 27. Rxc8 Rxc8 28. Nc4 Ng5 29. Qb5 Qe6 30. Ne3 Nh3+ 31. Kg2 f4 32. Qd5 Qg6 33. Nc4 f3+ 34. exf3 gxf3+ 35. Kf1 Ng5 36. Be3 Ne6 37. Rb6 Rd8 38. Qxd8 Nxd8 39. Rxg6 Kxg6 40. Nd2 Kf5 41. Nxf3 Ne6 42. h3 h5 43. Ke2 Bf6 44. Nd2 Be7 45. f3 Nd8 46. g4+ hxg4 47. fxg4+ Kg6 48. Kf3 Kf6 49. Ke4 Ke6 50. Nc4 Nf7 51. d4 exd4 52. Kxd4 Bd8 53. Ke4 Be7 54. Bf4 Bf6 55. Nd2 Nh8 56. Nf3 Ng6 57. Bg3 Kf7 58. Ne5+ 1-0

[Event "Oberliga Ost-B 1617"]
[Site "Germany"]
[Date "2016.12.04"]
[Round "4.5"]
[White "Hellwig, Tobias"]
[Black "Koller, Jens"]
[Result "1-0"]
[WhiteElo "2182"]
[BlackElo "2203"]
[PlyCount "51"]
[EventDate "2016.10.16"]
[EventType "team-tourn"]
[EventRounds "11"]
[EventCountry "GER"]
[SourceTitle "EXT 2018"]
[Source "ChessBase"]
[SourceDate "2017.10.13"]
[SourceVersion "1"]
[SourceVersionDate "2017.10.13"]
[SourceQuality "1"]
[WhiteTeam "Sangerhausen"]
[BlackTeam "Oberursel"]
[WhiteTeamCountry "GER"]
[BlackTeamCountry "GER"]

1. d4 Nf6 2. c4 g6 3. Nf3 Bg7 4. g3 0-0 5. Bg2 d6 6. 0-0 Nc6 7. Nc3 a6 8. Bf4 Nd7 9. Qd2 e5 10. Bg5 f6 11. Be3 Ne7 12. dxe5 dxe5 13. Rad1 c6 14. Bc5 Qe8 15. Ba3 f5 16. Qd6 Bf6 17. h4 h6 18. e4 g5 19. hxg5 hxg5 20. exf5 g4 21. Nh4 Bxh4 22. gxh4 Nxf5 23. Qd2 Ng7 24. Bxf8 Qxf8 25. Qg5 Nf6 26. h5 1-0

[Event "Oberliga Ost-B 1516"]
[Site "Germany"]
[Date "2016.02.21"]
[Round "8.6"]
[White "Schmuck, Helmut"]
[Black "Koller, Jens"]
[Result "1/2-1/2"]
[WhiteElo "2136"]
[BlackElo "2226"]
[PlyCount "45"]
[EventDate "2015.09.20"]
[EventType "team-tourn"]
[EventRounds "11"]
[EventCountry "GER"]
[SourceTitle "EXT 2017"]
[Source "ChessBase"]
[SourceDate "2016.10.25"]
[SourceVersion "1"]
[SourceVersionDate "2016.10.25"]
[SourceQuality "1"]
[WhiteTeam "Erfurt Empor"]
[BlackTeam "Oberursel"]
[WhiteTeamCountry "GER"]
[BlackTeamCountry "GER"]

1. c4 g6 2. d4 Bg7 3. Nc3 Nf6 4. e4 d6 5. f3 0-0 6. Be3 e5 7. d5 Nh5 8. Qd2 f5 9. Nge2 Na6 10. 0-0-0 Nc5 11. b4 Nd7 12. Kb2 a5 13. a3 Nb6 14. Nc1 axb4 15. axb4 Na4+ 16. Nxa4 Rxa4 17. Bd3 fxe4 18. fxe4 Bg4 19. Rdf1 Qa8 20. Rxf8+ Bxf8 21. h3 Bd7 22. Rf1 Ra1 23. Qc3 1/2-1/2

[Event "Oberliga Ost-B 1516"]
[Site "Germany"]
[Date "2015.12.13"]
[Round "5.6"]
[White "Serbu, Eli"]
[Black "Koller, Jens"]
[Result "0-1"]
[WhiteElo "2121"]
[BlackElo "2226"]
[PlyCount "80"]
[EventDate "2015.09.20"]
[EventType "team-tourn"]
[EventRounds "11"]
[EventCountry "GER"]
[SourceTitle "EXT 2017"]
[Source "ChessBase"]
[SourceDate "2016.10.25"]
[SourceVersion "1"]
[SourceVersionDate "2016.10.25"]
[SourceQuality "1"]
[WhiteTeam "Wiesbaden"]
[BlackTeam "Oberursel"]
[WhiteTeamCountry "GER"]
[BlackTeamCountry "GER"]

1. e4 c5 2. c3 Nf6 3. e5 Nd5 4. d4 cxd4 5. cxd4 e6 6. Nc3 Nxc3 7. bxc3 Qc7 8. Bd2 b6 9. Bd3 Bb7 10. Qg4 Nc6 11. Ne2 0-0-0 12. Ng3 d6 13. exd6 Bxd6 14. Qxg7 Rhg8 15. Qxh7 Bf4 16. Bxf4 Qxf4 17. 0-0 Rh8 18. Qe4 Qh6 19. h3 f5 20. Qe2 f4 21. Ne4 Rdg8 22. Qf3 Kc7 23. a4 Ne7 24. a5 b5 25. Rfb1 a6 26. Bxb5 axb5 27. Rxb5 Bc6 28. Rc5 Qxh3 29. Qxf4+ Kc8 30. Rxc6+ Nxc6 31. Ng3 Qh2+ 32. Kf1 Qh7 33. a6 Qc7 34. Qc1 Rxg3 35. a7 Nxa7 36. Qa3 Rg7 37. Qa6+ Qb7 38. Qxe6+ Kb8 39. Ra6 Rh1+ 40. Ke2 Re7 0-1

[Event "Oberliga Ost-B 1516"]
[Site "Germany"]
[Date "2015.10.11"]
[Round "3.6"]
[White "Koller, Jens"]
[Black "Vollmar, Rainer"]
[Result "1/2-1/2"]
[WhiteElo "2226"]
[BlackElo "2141"]
[PlyCount "94"]
[EventDate "2015.09.20"]
[EventType "team-tourn"]
[EventRounds "11"]
[EventCountry "GER"]
[SourceTitle "EXT 2017"]
[Source "ChessBase"]
[SourceDate "2016.10.25"]
[SourceVersion "1"]
[SourceVersionDate "2016.10.25"]
[SourceQuality "1"]
[WhiteTeam "Oberursel"]
[BlackTeam "Frankfurt BvK"]
[WhiteTeamCountry "GER"]
[BlackTeamCountry "GER"]

1. e4 c5 2. Nf3 Nc6 3. d4 cxd4 4. Nxd4 g6 5. c4 d6 6. Nc3 Nf6 7. Nc2 Bg7 8. Be2 0-0 9. 0-0 a5 10. Bd2 Nd7 11. Rb1 Nc5 12. f3 f5 13. b3 Be6 14. exf5 Bxf5 15. Rc1 Ne5 16. Ne3 Ned3 17. Bxd3 Nxd3 18. Rb1 Bd4 19. Kh1 e5 20. Nxf5 Rxf5 21. Be3 Bxe3 22. Qxd3 Bc5 23. Nd5 Qd7 24. Qxf5 Qxf5 25. Ne7+ Kf7 26. Nxf5 gxf5 27. g3 h5 28. Rfd1 Rg8 29. Rd5 Ke6 30. Kg2 b5 31. Rxc5 dxc5 32. cxb5 Rd8 33. Rb2 Rd4 34. Rc2 Kd6 35. Kf2 Rb4 36. Rc4 Rxb5 37. Ra4 Kd5 38. Ke3 Rb4 39. Rxa5 h4 40. Ra4 hxg3 41. hxg3 Rb8 42. f4 Rg8 43. fxe5 Kxe5 44. Kf3 Rg7 45. Rc4 Kd5 46. Rh4 Ke5 47. b4 Ra7 1/2-1/2

[Event "Oberliga Ost-B 1415"]
[Site "Germany"]
[Date "2014.10.19"]
[Round "3.6"]
[White "Koller, Jens"]
[Black "Debus, Alfred"]
[Result "1/2-1/2"]
[WhiteElo "2234"]
[BlackElo "2170"]
[PlyCount "42"]
[EventDate "2014.09.21"]
[EventType "team-tourn"]
[EventRounds "11"]
[EventCountry "GER"]
[SourceTitle "EXT 2016"]
[Source "ChessBase"]
[SourceDate "2015.10.08"]
[SourceVersion "1"]
[SourceVersionDate "2015.10.08"]
[SourceQuality "1"]
[WhiteTeam "Oberursel"]
[BlackTeam "Marburg"]
[WhiteTeamCountry "GER"]
[BlackTeamCountry "GER"]

1. e4 d5 2. exd5 Qxd5 3. Nc3 Qa5 4. d4 c6 5. Bc4 Nf6 6. Bd2 Qb6 7. Nf3 Qxb2 8. Rb1 Qa3 9. Ne5 e6 10. 0-0 Be7 11. Qf3 0-0 12. Rb3 Qd6 13. Ne2 Nd5 14. Bd3 f5 15. c4 Nc7 16. Bf4 Qd8 17. Bc2 Nba6 18. Qh5 Qe8 19. Qh3 Qd8 20. Qh5 Qe8 21. Qh3 Qd8 1/2-1/2

[Event "Oberliga Ost-B 1314"]
[Site "Germany"]
[Date "2014.04.06"]
[Round "11.5"]
[White "Koller, Jens"]
[Black "Klings, Peter"]
[Result "1/2-1/2"]
[WhiteElo "2253"]
[BlackElo "2167"]
[PlyCount "43"]
[EventDate "2013.10.13"]
[EventType "team-tourn"]
[EventRounds "11"]
[EventCountry "GER"]
[SourceTitle "EXT 2015"]
[Source "ChessBase"]
[SourceDate "2014.11.20"]
[SourceVersion "1"]
[SourceVersionDate "2014.11.20"]
[SourceQuality "1"]
[WhiteTeam "Oberursel"]
[BlackTeam "Moerlenbach"]
[WhiteTeamCountry "GER"]
[BlackTeamCountry "GER"]

1. e4 g6 2. d4 Bg7 3. Nc3 d6 4. Be3 a6 5. Bd3 Nd7 6. Nf3 e5 7. dxe5 Nxe5 8. Nxe5 dxe5 9. Bc4 Qxd1+ 10. Rxd1 Nf6 11. f3 h6 12. a4 Bf8 13. 0-0 Bd6 14. Nd5 Nxd5 15. Bxd5 Ke7 16. g3 f6 17. f4 c6 18. Bb3 Be6 19. Bxe6 Kxe6 20. f5+ gxf5 21. Rxf5 h5 22. h3 1/2-1/2

[Event "Oberliga Ost-B 1314"]
[Site "Germany"]
[Date "2013.12.15"]
[Round "5.5"]
[White "Dreyer, Michael"]
[Black "Koller, Jens"]
[Result "1/2-1/2"]
[WhiteElo "2224"]
[BlackElo "2253"]
[PlyCount "33"]
[EventDate "2013.10.13"]
[EventType "team-tourn"]
[EventRounds "11"]
[EventCountry "GER"]
[SourceTitle "EXT 2015"]
[Source "ChessBase"]
[SourceDate "2014.11.20"]
[SourceVersion "1"]
[SourceVersionDate "2014.11.20"]
[SourceQuality "1"]
[WhiteTeam "Jena"]
[BlackTeam "Oberursel"]
[WhiteTeamCountry "GER"]
[BlackTeamCountry "GER"]

1. e4 c5 2. c3 Nf6 3. e5 Nd5 4. d4 cxd4 5. cxd4 e6 6. Nf3 b6 7. Nc3 Nxc3 8. bxc3 Bb7 9. Bd3 d6 10. 0-0 Nd7 11. Re1 Qc7 12. Bd2 Be7 13. Qe2 dxe5 14. Nxe5 Nxe5 15. Qxe5 Qxe5 16. Rxe5 0-0 17. a4 1/2-1/2

[Event "Oberliga Ost-B 1213"]
[Site "Germany"]
[Date "2012.11.11"]
[Round "3.6"]
[White "Mueller Ludwig, Kristin"]
[Black "Koller, Jens"]
[Result "0-1"]
[WhiteElo "2124"]
[BlackElo "2263"]
[PlyCount "86"]
[EventDate "2012.09.30"]
[EventType "team-tourn"]
[EventRounds "11"]
[EventCountry "GER"]
[SourceTitle "EXT 2014"]
[Source "ChessBase"]
[SourceDate "2013.11.20"]
[SourceVersion "1"]
[SourceVersionDate "2013.11.20"]
[SourceQuality "1"]
[WhiteTeam "Erfurt Medizin"]
[BlackTeam "Oberursel"]
[WhiteTeamCountry "GER"]
[BlackTeamCountry "GER"]

1. e4 c5 2. Nf3 e6 3. d4 cxd4 4. Nxd4 Nc6 5. Nb5 d6 6. c4 Nf6 7. N1c3 a6 8. Na3 Be7 9. Be2 0-0 10. 0-0 b6 11. Be3 Bb7 12. Rc1 Ne5 13. f3 Ned7 14. Nc2 Rc8 15. Qd2 Qc7 16. Rfd1 Rfd8 17. Nd4 Qb8 18. Bf1 Re8 19. Qf2 Bd8 20. b4 Bc7 21. g3 Ne5 22. Be2 Qa8 23. Nb3 d5 24. cxd5 exd5 25. exd5 Nxd5 26. Nxd5 Bxd5 27. f4 Nf3+ 28. Bxf3 Bxf3 29. Rf1 Bg4 30. Rfe1 Bd6 31. a3 Qd5 32. Rb1 h5 33. Qd2 Qxd2 34. Nxd2 Rc2 35. Nf1 b5 36. Bf2 Rxe1 37. Bxe1 Ra2 38. Rb3 Ra1 39. Kf2 Bc7 40. Bd2 Bh3 41. Be1 Bb6+ 42. Ne3 Ra2+ 43. Kg1 Rg2+ 0-1

[Event "Oberliga Ost-B 1011"]
[Site "Germany"]
[Date "2011.02.06"]
[Round "7.6"]
[White "Koller, Jens"]
[Black "Wohlfart, Paulus"]
[Result "1-0"]
[WhiteElo "2243"]
[BlackElo "2231"]
[PlyCount "85"]
[EventDate "2010.10.24"]
[EventType "team-tourn"]
[EventRounds "11"]
[EventCountry "GER"]
[SourceTitle "EXT 2012"]
[Source "ChessBase"]
[SourceDate "2011.11.24"]
[SourceVersion "1"]
[SourceVersionDate "2011.11.24"]
[SourceQuality "1"]
[WhiteTeam "Oberursel"]
[BlackTeam "Moerlenbach"]
[WhiteTeamCountry "GER"]
[BlackTeamCountry "GER"]

1. e4 c5 2. Nf3 e6 3. d4 cxd4 4. Nxd4 a6 5. Nc3 b5 6. Bd3 Qb6 7. Nb3 Bb7 8. 0-0 Qc7 9. a3 Nf6 10. Qe2 d6 11. Bd2 Nbd7 12. Nd4 g6 13. Rfd1 Be7 14. b4 0-0 15. a4 e5 16. Nb3 d5 17. axb5 dxe4 18. Nxe4 axb5 19. Nxf6+ Nxf6 20. Na5 Bd5 21. Re1 Rab8 22. Bxb5 h5 23. c4 Ba8 24. Red1 Ne4 25. c5 Bh4 26. Be1 Bxf2+ 27. Bxf2 Nc3 28. Qc4 Nxb5 29. Bg3 Rfe8 30. Rf1 Re6 31. Rae1 h4 32. Qxh4 Nc3 33. Rf6 Rbe8 34. Rxe6 Rxe6 35. Qc4 Nd5 36. Re2 Qb8 37. b5 Qa7 38. Nb3 Qa3 39. c6 Nb6 40. Qd3 Rd6 41. Qc2 Qb4 42. Rxe5 Rd8 43. Be1 1-0

[Event "Staufer op 23rd"]
[Site "Leinzell"]
[Date "2011.01.06"]
[Round "9"]
[White "Hahn, Markus"]
[Black "Koller, Jens"]
[Result "1-0"]
[WhiteElo "2072"]
[BlackElo "2243"]
[PlyCount "87"]
[EventDate "2011.01.02"]
[EventType "swiss"]
[EventRounds "9"]
[EventCountry "GER"]
[SourceTitle "CBM 140 Extra"]
[Source "ChessBase"]
[SourceDate "2011.03.01"]
[SourceVersion "1"]
[SourceVersionDate "2011.03.01"]
[SourceQuality "1"]

1. d4 Nf6 2. Nf3 g6 3. c4 Bg7 4. Nc3 0-0 5. e4 d6 6. h3 e5 7. d5 c6 8. Bg5 h6 9. Be3 cxd5 10. cxd5 Nh5 11. Nd2 Na6 12. Nc4 Nc7 13. b4 b6 14. Rc1 Bb7 15. g3 Rc8 16. Be2 f5 17. exf5 Nf6 18. fxg6 Ncxd5 19. Nxd5 Nxd5 20. 0-0 Nxe3 21. Nxe3 Rxc1 22. Qxc1 d5 23. Ng4 Qg5 24. Qxg5 hxg5 25. Rc1 Rc8 26. Rxc8+ Bxc8 27. h4 gxh4 28. gxh4 Bxg4 29. Bxg4 Kf8 30. Be6 d4 31. Bf5 Ke7 32. Kf1 Kd6 33. Ke2 a5 34. bxa5 bxa5 35. Kd3 Kd5 36. Be4+ Kc5 37. Bb7 Kb4 38. Bd5 a4 39. h5 a3 40. Bb3 Bh6 41. Ke4 Bg7 42. Kf5 Kc3 43. Kg5 e4 44. h6 1-0

[Event "Staufer op 23rd"]
[Site "Leinzell"]
[Date "2011.01.05"]
[Round "7"]
[White "Zeller, Frank"]
[Black "Koller, Jens"]
[Result "1-0"]
[WhiteElo "2445"]
[BlackElo "2243"]
[PlyCount "49"]
[EventDate "2011.01.02"]
[EventType "swiss"]
[EventRounds "9"]
[EventCountry "GER"]
[SourceTitle "CBM 140 Extra"]
[Source "ChessBase"]
[SourceDate "2011.03.01"]
[SourceVersion "1"]
[SourceVersionDate "2011.03.01"]
[SourceQuality "1"]

1. e4 c5 2. Nf3 e6 3. Nc3 Nc6 4. d4 cxd4 5. Nxd4 a6 6. Be2 Nge7 7. Nb3 d6 8. a4 Qc7 9. a5 Bd7 10. Be3 Nc8 11. 0-0 Be7 12. Na4 Ne5 13. Nd2 Bc6 14. c4 Nd7 15. b4 b5 16. axb6 Ncxb6 17. Nxb6 Nxb6 18. b5 axb5 19. cxb5 Bb7 20. Rxa8+ Bxa8 21. Qa1 0-0 22. Qa5 Nd5 23. Qxc7 Nxc7 24. b6 Ne8 25. Ba6 1-0